000 01159nam a2200301 i 4500
003 EG-GICUC
005 20260121101538.0
008 251226s2004 ua ||||fr|||| 000 0 ara d
040 _a EG-GICUC
_bara
_c EG-GICUC
_d EG-GICUC
_erda
041 _aara
082 0 4 _221
_a345.451
_bع ل . ت
092 0 4 _221
099 _aLaw1 07 345.451 ع ل . ت 2004
100 0 _aعلي جمعة محارب
_eمؤلف.
245 1 2 _aالتأديب الإداري في الوظيفة العامة :
_bدراسة مقارنة /
_cدكتور علي جمعة محارب.
264 1 _aالإسكندرية :
_bدار المطبوعات الجامعية,
_c2004.
300 _a979 صفحة ؛
_c24 سم
336 _2rda content
_atext
337 _2rda media
_aComputer
338 _2rda carrier
_aOnline Resource
504 _a. 968-929 ببليوجرافيا: صفحات.
546 _aالنص أغلبه باللغة العربية مع بعض النصوص الفرنسية
650 1 4 _aالسلطات التاديبية
_2qrmak
651 1 _2qrmak
856 4 0 _uhttps://fll.law.cu.edu.eg/fulltext/bks/B07-01621.pdf
905 _a79
942 _2ddc
_cBK
_e21
_n0
999 _c52547
_d52547